000 00845nam a22002771 4500
001 33604
003 BD-RjUL
005 20211209052031.0
008 140510r19611937nyu 001 0 eng d
035 _a(BD-RjUL)33695
035 _a(OCoLC)223101
040 _aDLC
_cODaWU
_dOCoLC
_dNBrockU
_dDLC
_dBD-RjUL
_beng
041 _aeng
082 0 0 _a136.45
_bSTM 1961
100 1 _aStonequist, Everett V.
_9101997
245 1 4 _aThe marginal man :
_ba study in personality and culture conflict /
_cEverett V. Stonequist
260 _aNew York :
_bRussell & Russell,
_cc1937 [Reprinted 1961]
300 _a228 p. ;
_c22 cm.
504 _aIncludes Index
650 0 _aRace relations.
_9101998
650 0 _aCulture conflict.
_9101999
650 0 _aMiscegenation.
_9102000
942 _2ddc
_cBK
999 _c33604
_d33604